<?xml version="1.0" encoding="UTF-8"?>
<record
    xmlns:xsi="http://www.w3.org/2001/XMLSchema-instance"
    xsi:schemaLocation="http://www.loc.gov/MARC21/slim http://www.loc.gov/standards/marcxml/schema/MARC21slim.xsd"
    xmlns="http://www.loc.gov/MARC21/slim">

  <leader>01511nam a22002537a 4500</leader>
  <datafield tag="952" ind1=" " ind2=" ">
    <subfield code="0">0</subfield>
    <subfield code="1">0</subfield>
    <subfield code="2">ddc</subfield>
    <subfield code="4">0</subfield>
    <subfield code="7">0</subfield>
    <subfield code="a">15</subfield>
    <subfield code="b">15</subfield>
    <subfield code="d">2016-04-26</subfield>
    <subfield code="l">0</subfield>
    <subfield code="o">610.73 D542t</subfield>
    <subfield code="p">15 007989</subfield>
    <subfield code="r">2017-12-07</subfield>
    <subfield code="t">1</subfield>
    <subfield code="w">2016-06-24</subfield>
    <subfield code="y">LB</subfield>
  </datafield>
  <datafield tag="952" ind1=" " ind2=" ">
    <subfield code="0">0</subfield>
    <subfield code="1">0</subfield>
    <subfield code="2">ddc</subfield>
    <subfield code="4">0</subfield>
    <subfield code="7">0</subfield>
    <subfield code="a">15</subfield>
    <subfield code="b">15</subfield>
    <subfield code="d">2016-04-26</subfield>
    <subfield code="l">1</subfield>
    <subfield code="o">610.73 D542t 2006</subfield>
    <subfield code="p">15 007990</subfield>
    <subfield code="r">2017-12-07</subfield>
    <subfield code="s">2017-01-12</subfield>
    <subfield code="t">2</subfield>
    <subfield code="w">2016-06-24</subfield>
    <subfield code="y">LB</subfield>
  </datafield>
  <datafield tag="952" ind1=" " ind2=" ">
    <subfield code="0">0</subfield>
    <subfield code="1">0</subfield>
    <subfield code="2">lcc</subfield>
    <subfield code="4">0</subfield>
    <subfield code="7">0</subfield>
    <subfield code="a">15</subfield>
    <subfield code="b">15</subfield>
    <subfield code="d">2016-04-26</subfield>
    <subfield code="l">1</subfield>
    <subfield code="o">610.73 D542t 2006</subfield>
    <subfield code="p">15 007991</subfield>
    <subfield code="r">2017-12-07</subfield>
    <subfield code="s">2017-01-12</subfield>
    <subfield code="t">3</subfield>
    <subfield code="w">2016-06-24</subfield>
    <subfield code="y">LB</subfield>
  </datafield>
  <datafield tag="999" ind1=" " ind2=" ">
    <subfield code="c">100210</subfield>
    <subfield code="d">100210</subfield>
  </datafield>
  <controlfield tag="005">20231102151942.0</controlfield>
  <controlfield tag="008">160624s2006    mx a|||| |||| 00| 0 spa d</controlfield>
  <datafield tag="020" ind1=" " ind2=" ">
    <subfield code="a">8448605373</subfield>
  </datafield>
  <datafield tag="082" ind1=" " ind2=" ">
    <subfield code="a">610.73</subfield>
    <subfield code="b">D542t</subfield>
  </datafield>
  <datafield tag="100" ind1=" " ind2=" ">
    <subfield code="a">D&#xED;az-Gomez Marta N. </subfield>
  </datafield>
  <datafield tag="245" ind1=" " ind2=" ">
    <subfield code="a">Tratado de enfermer&#xED;a de la infancia y la adolescencia </subfield>
    <subfield code="c"> / D&#xED;az-Gomez Marta N., Gomez Garcia Carmen I., Ruiz Garcia Jes&#xFA;s Ma. </subfield>
  </datafield>
  <datafield tag="250" ind1=" " ind2=" ">
    <subfield code="a">1 Edici&#xF3;n </subfield>
  </datafield>
  <datafield tag="260" ind1=" " ind2=" ">
    <subfield code="a">M&#xE9;xico</subfield>
    <subfield code="b"> : McGrawHill</subfield>
    <subfield code="c"> , 2006</subfield>
  </datafield>
  <datafield tag="300" ind1=" " ind2=" ">
    <subfield code="a">774 p&#xE1;ginas </subfield>
  </datafield>
  <datafield tag="500" ind1=" " ind2=" ">
    <subfield code="a">Incluye bibliograf&#xED;a pp. 3-774 </subfield>
  </datafield>
  <datafield tag="505" ind1=" " ind2=" ">
    <subfield code="a">Cuidados del ni&#xF1;o y adolescentes sanos
El ni&#xF1;o y su entorno
Cuidados generales del ni&#xF1;o y el adolescente enfermos
Cuidados del reci&#xE9;n nacido con necesidades especiales
Cuidados del ni&#xF1;o con enfermedades infecciosas agudas
Problemas de salud que requieren cuidados inmediatos
Problemas de salud que requieren cuidados a largo plazo
Cuidados del adolescente con problemas de salud 
</subfield>
  </datafield>
  <datafield tag="519" ind1=" " ind2=" ">
    <subfield code="a">Plan UNAM / </subfield>
    <subfield code="d">(15 007989)
(15 007990)
(15 007991)</subfield>
    <subfield code="b">Enfermer&#xED;a /</subfield>
    <subfield code="c">Proceso salud-enfermedad en el adolescente en el adulto y en al anciano I (1500)
Proceso salud-enfermedad en el adolescente en el adulto y en al anciano II (1600)</subfield>
  </datafield>
  <datafield tag="650" ind1="1" ind2="4">
    <subfield code="a">CUIDADOS DEL NI&#xD1;O Y ADOLESCENTES SANOS </subfield>
  </datafield>
  <datafield tag="650" ind1="1" ind2="4">
    <subfield code="a">CUIDADOS GENERALES DEL NI&#xD1;O Y EL ADOLESCENTE ENFERMOS </subfield>
  </datafield>
  <datafield tag="700" ind1=" " ind2=" ">
    <subfield code="a">Gomez Garcia Carmen I.</subfield>
  </datafield>
  <datafield tag="700" ind1=" " ind2=" ">
    <subfield code="a">Ruiz Garcia Jes&#xFA;s Ma. </subfield>
  </datafield>
  <datafield tag="942" ind1=" " ind2=" ">
    <subfield code="c">LB</subfield>
  </datafield>
</record>
